[Event "ENG-ch Schools"]
[Site "Nottingham"]
[Date "2025.06.25"]
[Round "4.1"]
[White "Ledgerton, Joe"]
[Black "Vaddhireddy, Sai"]
[Result "0-1"]
[WhiteElo "1801"]
[BlackElo "2062"]
[PlyCount "68"]
[EventDate "2025.06.25"]
[EventType "team-swiss"]
[EventRounds "6"]
[EventCountry "ENG"]
[SourceTitle "CB27_2025"]
[SourceDate "2025.07.02"]
[SourceVersion "1"]
[SourceVersionDate "2025.07.02"]
[SourceQuality "1"]
[WhiteTeam "Calday Grange Grammar"]
[BlackTeam "Altrincham Grammar"]
[WhiteTeamCountry "ENG"]
[BlackTeamCountry "ENG"]

1. e4 c6 2. d4 d5 3. exd5 cxd5 4. Bd3 Nc6 5. c3 Nf6 6. Bf4 Bg4 7. Qb3 Qd7 8. Nd2 e6 9. Ngf3 Bd6 10. Bxd6 Qxd6 11. 0-0 0-0 12. Rfe1 Ne7 13. h3 Bf5 14. Bxf5 Nxf5 15. Ne5 b5 16. Ndf3 Rab8 17. Nd3 Ne4 18. a4 b4 19. c4 dxc4 20. Qxc4 Rfc8 21. Qa2 Nxd4 22. Rxe4 Nxf3+ 23. gxf3 Qxd3 24. Re3 Qg6+ 25. Kh2 Rc2 26. Rf1 Qg5 27. Re4 Qf6 28. Qb3 Rxb2 29. Qd3 Rd8 30. Qb5 Qxf3 31. Rxb4 Rxf2+ 32. Rxf2 Qxf2+ 33. Kh1 Rd1+ 34. Qf1 Rxf1# 0-1